000 00637 a2200193 4500
005 20240516104948.0
010 _aB-759033
020 _a8189161962
_c750.00
035 _aB-759033
037 _bGift/Unesco
082 _a306.810954
100 _aYadav, K.P
_966257
245 _aChild Marriage in India/
_cK.P. Yadav
260 _aNew Delhi
_bAdhyayan Publishers & Distributors
_c2006
270 _a4378/4B, 105 J.M.D House Murari Lal Street Ansari Road Darya Ganj
_bNew Delhi
_e110002
300 _a303 p.
_c22cm (Hb)
942 _adpl
_cEN
_2ddc
_h306.810954
_mYAD
999 _c202868
_d202868